| 000 | 00346 a2200121 4500 | ||
|---|---|---|---|
| 999 |
_c10703 _d10703 |
||
| 008 | 220527b ||||| |||| 00| 0 eng d | ||
| 020 | _a9788192625447 | ||
| 082 |
_a712.0954 _bBHA |
||
| 100 | _aRavindra Bhan | ||
| 245 | _aMonographic series: Landscape architecture in India | ||
| 260 |
_bLA journal of Landscape Architecture _c2020 |
||
| 942 | _2ddc | ||